00345 a2200097 4500001000900000005001700009008004100026245011400067100002400181773004200205ART_588520260410161618.0260409a 10aProcedimientos de auditoría forense (para detectar el fraude) vs. procedimientos de auditoría tradicional1 aChalupowicz, Daniel0 tEnfoquesg- Nº 9 (sep. 2007)wREV416